[Event "Clasificatorio al Mayor 2012"]
[Site "Asuncion"]
[Date "2012.04.22"]
[Round "6.1"]
[White "Lopez, Fernando"]
[Black "Diaz, Fernando"]
[Result "1/2-1/2"]
[WhiteElo "1949"]
[BlackElo "2035"]
[PlyCount "56"]
[EventDate "2012.04.13"]

1. d4 Nf6 2. e3 g6 3. Nf3 Bg7 4. b3 O-O 5. Bb2 c5 6. Be2 Nc6 7. O-O cxd4 8.
Nxd4 d6 9. c4 Bd7 10. Nc3 Rc8 11. Bf3 Qa5 12. Nd5 Nxd5 13. Nxc6 bxc6 14. Bxg7
Nxe3 15. fxe3 Kxg7 16. Qd4+ f6 17. Rf2 Qe5 18. Rd1 Rc7 19. Qd2 Be6 20. e4 f5
21. Re2 fxe4 22. Rxe4 Qf6 23. Rde1 Bf5 24. R4e2 e5 25. h3 Bxh3 26. b4 Qf4 27.
Qxd6 Qd4+ 28. Qxd4 exd4 1/2-1/2

[Event "Clasificatorio al Mayor 2012"]
[Site "Asuncion"]
[Date "2012.04.22"]
[Round "6.2"]
[White "Morales, Ever"]
[Black "Heinechen, John"]
[Result "1-0"]
[WhiteElo "1954"]
[BlackElo "1814"]
[PlyCount "79"]
[EventDate "2012.04.13"]

1. Nf3 d6 2. g3 Bg4 3. Bg2 c6 4. d3 Bxf3 5. Bxf3 d5 6. Nd2 Nf6 7. c4 e6 8. O-O
Nbd7 9. b3 Bd6 10. Bb2 h5 11. e4 h4 12. exd5 hxg3 13. hxg3 cxd5 14. cxd5 exd5
15. Re1+ Kf8 16. Nf1 Qb6 17. Kg2 Bb4 18. Re2 d4 19. Rc1 Rd8 20. Rc4 Ng4 21.
Bxd4 Qh6 22. Bxg7+ Qxg7 23. Rxg4 Qc3 24. Rc4 Qf6 25. Rxb4 Ne5 26. Rf4 Qh6 27.
Rh4 Qg7 28. Rxh8+ Qxh8 29. Qa1 f6 30. Be4 Qh5 31. Re1 Kg7 32. Ne3 Nxd3 33. Nf5+
Kf7 34. Bxd3 Rxd3 35. Re7+ Kg8 36. Qxf6 Qf3+ 37. Kh3 Qh1+ 38. Kg4 Qd1+ 39. Kg5
Qd2+ 40. Kg6 1-0

[Event "Clasificatorio al Mayor 2012"]
[Site "Asuncion"]
[Date "2012.04.22"]
[Round "6.3"]
[White "Apuril, Jose"]
[Black "Ibanez, Juan"]
[Result "1-0"]
[WhiteElo "1891"]
[BlackElo "1925"]
[PlyCount "89"]
[EventDate "2012.04.13"]

1. d4 Nf6 2. Nf3 g6 3. Bf4 Bg7 4. h3 O-O 5. e3 c5 6. Be2 Nc6 7. c3 d6 8. Na3
Nd7 9. Bg5 h6 10. Bh4 g5 11. Bg3 e5 12. dxc5 e4 13. Nd2 Nxc5 14. Nb3 Ne5 15.
Bxe5 Bxe5 16. Nc4 Qe7 17. Nxc5 dxc5 18. Qd5 Bc7 19. Nd2 Be6 20. Qxe4 f5 21. Qc2
Rad8 22. O-O-O Qf7 23. b3 Rxd2 24. Rxd2 Be5 25. Rhd1 Qf6 26. f3 Kg7 27. Bb5 a6
28. Bd7 Bg8 29. g4 Bxc3 30. Rd3 Bb4 31. Qb2 fxg4 32. Bxg4 Qxb2+ 33. Kxb2 c4 34.
Rd7+ Kf6 35. bxc4 Bxc4 36. Rxb7 Ba5 37. Rd4 Bg8 38. f4 Rd8 39. Ra7 Rb8+ 40. Kc1
Rb6 41. Ra4 Rc6+ 42. Kd1 Rd6+ 43. Ke2 Rd2+ 44. Kf1 Bc3 45. R4xa6+ 1-0

[Event "Clasificatorio al Mayor 2012"]
[Site "Asuncion"]
[Date "2012.04.22"]
[Round "6.4"]
[White "Rivas, Jose"]
[Black "Recalde, Ariel"]
[Result "1/2-1/2"]
[WhiteElo "1772"]
[BlackElo "1980"]
[PlyCount "58"]
[EventDate "2012.04.13"]

1. e4 c6 2. d3 d5 3. Nd2 e5 4. Ngf3 Bd6 5. g3 Nf6 6. Bg2 O-O 7. O-O Bg4 8. Re1
Re8 9. Nf1 d4 10. h3 Bh5 11. g4 Bg6 12. Ng3 c5 13. Nf5 Nc6 14. Bg5 Rc8 15. Nd2
b5 16. b3 Bf8 17. h4 h6 18. Bxf6 Qxf6 19. h5 Bh7 20. Rf1 g6 21. Ng3 Bd6 22. Bh3
Rc7 23. Qf3 Qxf3 24. Nxf3 c4 25. bxc4 bxc4 26. a3 cxd3 27. cxd3 Na5 28. g5 hxg5
29. Nxg5 Rc3 1/2-1/2

[Event "Clasificatorio al Mayor 2012"]
[Site "Asuncion"]
[Date "2012.04.22"]
[Round "6.5"]
[White "Torres, Mauricio"]
[Black "Rubiani, Oscar"]
[Result "1-0"]
[WhiteElo "1750"]
[BlackElo "1796"]
[PlyCount "57"]
[EventDate "2012.04.13"]

1. e4 c5 2. Nc3 Nc6 3. g3 g6 4. Bg2 Bg7 5. f4 e6 6. Nf3 Nge7 7. O-O O-O 8. d3
d5 9. e5 a6 10. g4 b5 11. Re1 Rb8 12. Kh1 Bb7 13. Ne2 d4 14. Ng3 Nb4 15. a3
Nbd5 16. Ne4 Qc7 17. Qe2 Bc6 18. Qf2 Bd7 19. Qh4 b4 20. Nf6+ Nxf6 21. exf6 Bxf6
22. Qxf6 Nd5 23. Qh4 Kg7 24. g5 bxa3 25. bxa3 Ba4 26. Ne5 Rh8 27. Bxd5 exd5 28.
Qh6+ Kg8 29. Ng4 1-0

[Event "Clasificatorio al Mayor 2012"]
[Site "Asuncion"]
[Date "2012.04.22"]
[Round "6.6"]
[White "Penayo, Nicolas"]
[Black "Riva, Eric"]
[Result "1/2-1/2"]
[WhiteElo "1911"]
[BlackElo "1738"]
[PlyCount "74"]
[EventDate "2012.04.13"]

1. e4 e5 2. Nf3 Nc6 3. Bc4 Be7 4. d4 exd4 5. Nxd4 d6 6. Nxc6 bxc6 7. O-O Nf6 8.
Nc3 O-O 9. Bg5 Nd7 10. Bxe7 Qxe7 11. f4 Nb6 12. Bd3 d5 13. Qh5 g6 14. Qh6 f5
15. e5 Nc4 16. Nd1 Nd2 17. Rf2 Ne4 18. Rf3 Be6 19. c3 c5 20. Nf2 Rab8 21. Rb1
Nd2 22. b3 c4 23. Rg3 cxd3 24. Rd1 Ne4 25. Rxg6+ hxg6 26. Qxg6+ Qg7 27. Qxe6+
Qf7 28. Qh6 Nxf2 29. Kxf2 Rb6 30. Qh4 Rg6 31. Rxd3 c6 32. Rh3 Qg7 33. g3 Kf7
34. Qh5 Ke6 35. Qe2 Rb8 36. Qa6 Rb6 37. Qc8+ Qd7 1/2-1/2

[Event "Clasificatorio al Mayor 2012"]
[Site "Asuncion"]
[Date "2012.04.22"]
[Round "6.7"]
[White "Benitez Irazusta, Eduardo"]
[Black "Salinas, Victor"]
[Result "1/2-1/2"]
[WhiteElo "1660"]
[BlackElo "1648"]
[PlyCount "27"]
[EventDate "2012.04.13"]

1. d4 d5 2. Nf3 Bf5 3. c4 e6 4. Nc3 Nc6 5. a3 Nf6 6. Bg5 Be7 7. e3 O-O 8. Bd3
Ne4 9. Bxe7 Nxe7 10. O-O Nxc3 11. bxc3 dxc4 12. Bxc4 Nd5 13. Qd2 Be4 14. Be2
1/2-1/2

[Event "Clasificatorio al Mayor 2012"]
[Site "Asuncion"]
[Date "2012.04.22"]
[Round "6.8"]
[White "Heinechen, Juan"]
[Black "Uribe, Gabriel"]
[Result "0-1"]
[WhiteElo "1447"]
[BlackElo "1953"]
[PlyCount "77"]
[EventDate "2012.04.13"]

1. d4 Nf6 2. c4 e6 3. Nf3 Bb4+ 4. Nc3 Bxc3+ 5. bxc3 b6 6. Bg5 Bb7 7. e3 h6 8.
Bxf6 Qxf6 9. Be2 d6 10. Qc2 Nc6 11. O-O O-O 12. Rad1 e5 13. d5 Na5 14. Nd2 Ba6
15. Kh1 Rac8 16. Qa4 Bb7 17. Nb3 Nxb3 18. axb3 a5 19. b4 Ra8 20. Qb3 Ra7 21.
Ra1 Rfa8 22. Ra4 axb4 23. Rxa7 Rxa7 24. cxb4 Qd8 25. e4 Qa8 26. f4 Ra3 27. Qb1
exf4 28. Qc1 Re3 29. Bh5 Rxe4 30. Bf3 Re3 31. g3 Qa3 32. Qxa3 Rxa3 33. gxf4 b5
34. c5 Rxf3 35. Rxf3 Bxd5 36. Kg2 dxc5 37. Kf2 Bxf3 38. Kxf3 cxb4 39. Ke2 0-1

[Event "Clasificatorio al Mayor 2012"]
[Site "Asuncion"]
[Date "2012.04.22"]
[Round "6.9"]
[White "Almiron, Antonio"]
[Black "Florentin, Damaso"]
[Result "1-0"]
[WhiteElo "2181"]
[BlackElo "1852"]
[PlyCount "58"]
[EventDate "2012.04.13"]

1. g3 Nf6 2. Bg2 d5 3. Nf3 e6 4. O-O c5 5. d3 Be7 6. Nbd2 b6 7. c3 O-O 8. e4
dxe4 9. dxe4 Bb7 10. Re1 Nc6 11. e5 Nd7 12. Nc4 Rb8 13. Bf4 h6 14. h4 b5 15.
Nd6 Ba8 16. Ne4 Nb6 17. Qc1 Qe8 18. Bxh6 f5 19. exf6 Bxf6 20. Bg5 Qe7 21. Be3
Nd7 22. Qc2 Nce5 23. Nxe5 Bxe5 24. Ng5 g6 25. Qxg6+ Kh8 26. Bxa8 Rxa8 27. Bxc5
Qg7 28. Qh5+ Kg8 29. Nxe6 Qf6 1-0

[Event "Clasificatorio al Mayor 2012"]
[Site "Asuncion"]
[Date "2012.04.22"]
[Round "6.10"]
[White "Herrero, Juan Luis"]
[Black "Lopez, Francisco"]
[Result "0-1"]
[WhiteElo "1441"]
[BlackElo "1708"]
[PlyCount "48"]
[EventDate "2012.04.13"]

1. e4 c5 2. Nf3 Nc6 3. d4 cxd4 4. Nxd4 Nf6 5. Nc3 e5 6. Nb3 Bb4 7. f3 O-O 8.
Be3 d5 9. exd5 Nxd5 10. Qd2 Nxe3 11. Qxe3 Bf5 12. a3 Bxc3+ 13. Qxc3 e4 14. Be2
exf3 15. gxf3 Qh4+ 16. Kd1 Qf2 17. Qc5 Rfd8+ 18. Kc1 Qxc5 19. Nxc5 Nd4 20. Bd3
Bxd3 21. Nxd3 Rac8 22. Ne1 Nb3+ 23. Kb1 Rd1+ 24. Ka2 Nxa1 0-1

[Event "Clasificatorio al Mayor 2012"]
[Site "Asuncion"]
[Date "2012.04.22"]
[Round "6.12"]
[White "Saldana, Fernando Javier"]
[Black "Ogdon, Ricardo"]
[Result "1/2-1/2"]
[WhiteElo "1717"]
[BlackElo "1753"]
[PlyCount "133"]
[EventDate "2012.04.13"]

1. e4 e5 2. Nc3 Nf6 3. f4 d6 4. Nf3 Bg4 5. Be2 Bxf3 6. Bxf3 c6 7. d3 Be7 8. O-O
Nbd7 9. Kh1 exf4 10. Bxf4 O-O 11. Qe1 Ne5 12. Qg3 Ng6 13. Bd2 Nd7 14. Bg4 Nde5
15. Be2 Bh4 16. Qe3 h6 17. Qh3 Bg5 18. Be3 Bxe3 19. Qxe3 c5 20. Qg3 Qh4 21.
Qxh4 Nxh4 22. Nd5 Nhg6 23. Bh5 Nc6 24. Rf2 Nge7 25. Ne3 Rad8 26. Raf1 Ne5 27.
Be2 d5 28. exd5 Nxd5 29. Nxd5 Rxd5 30. Rf5 f6 31. Bf3 Rd7 32. Be4 c4 33. dxc4
Nxc4 34. Bd5+ Rxd5 35. Rxd5 Ne3 36. Rfd1 Nxd1 37. Rxd1 Re8 38. h3 Re2 39. Rd8+
Kf7 40. Rd7+ Re7 41. Rd2 h5 42. g3 g6 43. Kg2 a6 44. c4 g5 45. Kf2 Kg6 46. b4
Re4 47. Rc2 Kf7 48. a3 Ke7 49. c5 Re6 50. Rc3 Kd7 51. Re3 Rxe3 52. Kxe3 Ke6 53.
Ke4 f5+ 54. Kd4 g4 55. hxg4 hxg4 56. Ke3 Ke5 57. a4 Kd5 58. Kf4 Kc4 59. Kxf5
Kxb4 60. Kxg4 Kxc5 61. Kf4 b5 62. axb5 axb5 63. g4 b4 64. g5 b3 65. g6 b2 66.
g7 b1=Q 67. g8=Q 1/2-1/2

[Event "Clasificatorio al Mayor 2012"]
[Site "Asuncion"]
[Date "2012.04.23"]
[Round "7.1"]
[White "Diaz, Fernando"]
[Black "Torres, Mauricio"]
[Result "1/2-1/2"]
[WhiteElo "2035"]
[BlackElo "1750"]
[PlyCount "38"]
[EventDate "2012.04.13"]

1. e4 c5 2. Nf3 Nc6 3. b4 cxb4 4. d4 d5 5. exd5 Qxd5 6. c4 Qd8 7. d5 Nb8 8. Bb2
Nf6 9. Nd4 g6 10. Bd3 Bg7 11. Qa4+ Qd7 12. Qxb4 Na6 13. Qa3 O-O 14. O-O Nh5 15.
Nd2 Nf4 16. Ne4 Qg4 17. Ng3 Nxg2 18. Be2 Qh3 19. f4 Nh4 1/2-1/2

[Event "Clasificatorio al Mayor 2012"]
[Site "Asuncion"]
[Date "2012.04.23"]
[Round "7.2"]
[White "Heinechen, John"]
[Black "Apuril, Jose"]
[Result "1/2-1/2"]
[WhiteElo "1814"]
[BlackElo "1891"]
[PlyCount "73"]
[EventDate "2012.04.13"]

1. d4 d5 2. c4 dxc4 3. e4 c5 4. d5 Nf6 5. Nc3 e5 6. Bxc4 a6 7. a4 b6 8. Nf3 Qc7
9. Bg5 Nbd7 10. Qe2 Bd6 11. O-O h6 12. Bh4 O-O 13. Rad1 Nh5 14. Bg3 Nxg3 15.
hxg3 Nf6 16. Nh4 g5 17. Nf5 Bxf5 18. exf5 Qc8 19. Ne4 Nxe4 20. Qxe4 f6 21. Qg4
Qd7 22. Qh5 Qg7 23. g4 Kh7 24. Rd3 Qf7 25. Rh3 Qxh5 26. Rxh5 Rfb8 27. g3 b5 28.
axb5 axb5 29. Bd3 Ra2 30. Rb1 c4 31. Be4 b4 32. Kg2 c3 33. bxc3 bxc3 34. Rxb8
Bxb8 35. Rh1 Bd6 36. Rc1 Ra3 37. Rc2 1/2-1/2

[Event "Clasificatorio al Mayor 2012"]
[Site "Asuncion"]
[Date "2012.04.23"]
[Round "7.3"]
[White "Recalde, Ariel"]
[Black "Morales, Ever"]
[Result "1/2-1/2"]
[WhiteElo "1980"]
[BlackElo "1954"]
[PlyCount "35"]
[EventDate "2012.04.13"]

1. Nf3 Nf6 2. c4 b6 3. d4 Bb7 4. e3 e6 5. Bd3 d5 6. O-O Be7 7. Nc3 O-O 8. Qe2
Nbd7 9. b3 c5 10. Bb2 Rc8 11. Ne5 Ne4 12. Rad1 cxd4 13. exd4 Ndf6 14. Nxe4 dxe4
15. Bb1 Qc7 16. f3 exf3 17. Nxf3 Ng4 18. Be4 1/2-1/2

[Event "Clasificatorio al Mayor 2012"]
[Site "Asuncion"]
[Date "2012.04.23"]
[Round "7.4"]
[White "Ibanez, Juan"]
[Black "Lopez, Fernando"]
[Result "0-1"]
[WhiteElo "1925"]
[BlackElo "1949"]
[PlyCount "72"]
[EventDate "2012.04.13"]

1. e4 c5 2. Ne2 g6 3. d4 cxd4 4. Nxd4 Nc6 5. Be3 Bg7 6. Nc3 Nf6 7. f3 O-O 8.
Qd2 d5 9. Nxc6 bxc6 10. exd5 cxd5 11. Bd4 e5 12. Bc5 Re8 13. Bb5 Bd7 14. Bxd7
Qxd7 15. O-O d4 16. Ne4 Nxe4 17. fxe4 Qc6 18. Ba3 Qxe4 19. Rae1 Qd5 20. b3 f5
21. Bb2 Rad8 22. g3 Re6 23. Rd1 Rc6 24. c4 Qc5 25. Qf2 d3 26. Qxc5 Rxc5 27. Bc3
a5 28. Bd2 e4 29. Rfe1 Bd4+ 30. Kg2 a4 31. Rb1 axb3 32. axb3 Ra8 33. Be3 Ra2+
34. Kh3 Bxe3 35. Rxe3 Kf7 36. Rbe1 Kf6 0-1

[Event "Clasificatorio al Mayor 2012"]
[Site "Asuncion"]
[Date "2012.04.23"]
[Round "7.5"]
[White "Lopez, Francisco"]
[Black "Rivas, Jose"]
[Result "0-1"]
[WhiteElo "1708"]
[BlackElo "1772"]
[PlyCount "73"]
[EventDate "2012.04.13"]

1. c4 Nf6 2. Nf3 g6 3. g3 Bg7 4. Bg2 O-O 5. Nc3 d6 6. d4 c6 7. O-O Nbd7 8. Be3
Ng4 9. Bd2 e5 10. dxe5 Ngxe5 11. b3 Nf6 12. Rc1 Re8 13. Bf4 Nh5 14. Bd2 Bg4 15.
Nxe5 dxe5 16. h3 Be6 17. Qc2 Bf5 18. e4 Be6 19. Rcd1 Qc7 20. Kh2 f5 21. exf5
gxf5 22. Bf3 Qf7 23. Qc1 Rf8 24. Bh6 Qg6 25. Bxg7 Kxg7 26. Rd6 Rf6 27. Rg1 Kh8
28. Qd1 Ng7 29. Rd8+ Rf8 30. Rxa8 Rxa8 31. g4 Qg5 32. Ne2 Qh4 33. Qf1 Rf8 34.
Rg3 fxg4 35. Bxg4 Bxg4 36. Nc3 Nh5 37. Qg2 0-1

[Event "Clasificatorio al Mayor 2012"]
[Site "Asuncion"]
[Date "2012.04.23"]
[Round "7.6"]
[White "Roman, Rodrigo"]
[Black "Penayo, Nicolas"]
[Result "1-0"]
[WhiteElo "2053"]
[BlackElo "1911"]
[PlyCount "85"]
[EventDate "2012.04.13"]

1. g3 e6 2. Bg2 Nc6 3. Nf3 b6 4. O-O Bb7 5. c4 Be7 6. d4 d5 7. Ne5 Nf6 8. Qa4
Kf8 9. cxd5 exd5 10. Nc3 Nxe5 11. dxe5 Ne8 12. Rd1 c6 13. e4 b5 14. Qb3 d4 15.
a4 b4 16. Ne2 c5 17. e6 fxe6 18. Nf4 Nc7 19. Qf3 Bf6 20. Qh5 e5 21. Ng6+ hxg6
22. Qxh8+ Kf7 23. Qh7 c4 24. a5 Qd6 25. h4 Ne6 26. h5 Nf8 27. Qh8 g5 28. Bd2 c3
29. bxc3 bxc3 30. Bxc3 Qc6 31. Bb4 Qc2 32. Rac1 Qa4 33. Bxf8 Qxa5 34. Rb1 Bc6
35. Rdc1 Qc7 36. Qh7 Rxf8 37. Qf5 Qd6 38. Bf1 d3 39. Rd1 d2 40. Rb2 Qd4 41.
Rdxd2 Bxe4 42. Rb7+ Kg8 43. Qe6+ 1-0

[Event "Clasificatorio al Mayor 2012"]
[Site "Asuncion"]
[Date "2012.04.23"]
[Round "7.7"]
[White "Uribe, Gabriel"]
[Black "Benitez Irazusta, Eduardo"]
[Result "1-0"]
[WhiteElo "1953"]
[BlackElo "1660"]
[PlyCount "127"]
[EventDate "2012.04.13"]

1. d4 Nf6 2. Nf3 d5 3. Bf4 c5 4. e3 e6 5. c3 a6 6. Bd3 Bd6 7. Bg3 Nc6 8. Nbd2
O-O 9. Ne5 cxd4 10. exd4 Qc7 11. Qe2 g6 12. a3 Nh5 13. Ndf3 f6 14. Nxc6 bxc6
15. Bxd6 Qxd6 16. O-O Nf4 17. Qd2 Nxd3 18. Qxd3 e5 19. Nd2 e4 20. Qg3 Qd8 21.
h4 f5 22. Qf4 Bd7 23. b4 Qe7 24. Rfe1 Kg7 25. Nf3 h6 26. Qe5+ Qxe5 27. Nxe5 Ra7
28. Kf1 Rfa8 29. Reb1 f4 30. Ke2 Rc7 31. Kd2 Bf5 32. Rb2 Kf6 33. a4 Bd7 34. a5
Rh8 35. Rh1 Be8 36. g3 f3 37. Ng4+ Ke6 38. Ne3 Bf7 39. Nc2 Kd6 40. Ke3 Be6 41.
Na1 Rch7 42. Nb3 g5 43. Nc5 Bc8 44. Rbb1 Ke7 45. Rh2 Kf6 46. Rbh1 h5 47. hxg5+
Kxg5 48. Rh4 Rh6 49. Rf4 Rf6 50. Rxf6 Kxf6 51. Rh4 Kg5 52. Rf4 h4 53. Rxh4 Rxh4
54. gxh4+ Kxh4 55. c4 dxc4 56. Nxe4 Kg4 57. Nc5 Bf5 58. Nxa6 c3 59. Nc5 c2 60.
Kd2 Bc8 61. a6 Bxa6 62. Nxa6 Kh3 63. Nc5 Kg2 64. Nd3 1-0

[Event "Clasificatorio al Mayor 2012"]
[Site "Asuncion"]
[Date "2012.04.23"]
[Round "7.8"]
[White "Rubiani, Oscar"]
[Black "Salinas, Victor"]
[Result "1-0"]
[WhiteElo "1796"]
[BlackElo "1648"]
[PlyCount "83"]
[EventDate "2012.04.13"]

1. e4 c5 2. Nf3 e6 3. d4 cxd4 4. Nxd4 Qb6 5. Nb3 Nc6 6. Be3 Qc7 7. a3 a6 8. Nc3
Nf6 9. Bd3 Be7 10. O-O O-O 11. f4 b5 12. e5 Nd5 13. Nxd5 exd5 14. Qf3 Bb7 15.
Nd4 Nxd4 16. Bxd4 Bc5 17. c3 Bxd4+ 18. cxd4 Qb6 19. Qe3 f6 20. Rad1 fxe5 21.
fxe5 Qe6 22. Rf3 Rxf3 23. Qxf3 Rf8 24. Bxh7+ Kxh7 25. Qxf8 Qg6 26. Rf1 Qe4 27.
Qf5+ Qxf5 28. Rxf5 Kg8 29. b4 g6 30. Rf6 Kg7 31. Kf2 Kh6 32. Kg3 Kh5 33. Kf4
g5+ 34. Kf5 g4 35. Rf8 Kh6 36. Rg8 Kh7 37. Rxg4 Bc8 38. Kf6 Bb7 39. Rg7+ Kh6
40. g4 a5 41. g5+ Kh5 42. Kf5 1-0

[Event "Clasificatorio al Mayor 2012"]
[Site "Asuncion"]
[Date "2012.04.23"]
[Round "7.9"]
[White "Riva, Eric"]
[Black "Almiron, Antonio"]
[Result "0-1"]
[WhiteElo "1738"]
[BlackElo "2181"]
[PlyCount "44"]
[EventDate "2012.04.13"]

1. g3 g6 2. Bg2 Bg7 3. e4 c5 4. c4 Nc6 5. Nc3 e6 6. a3 Nge7 7. Nge2 O-O 8. O-O
Rb8 9. d3 d6 10. Be3 Nd4 11. Rb1 b6 12. f4 Bb7 13. b4 Qd7 14. Bf2 f5 15. Nxd4
cxd4 16. Ne2 e5 17. h3 Kh8 18. Qb3 Ng8 19. exf5 gxf5 20. Rfc1 Bxg2 21. Kxg2
Qb7+ 22. Kh2 Qf3 0-1

[Event "Clasificatorio al Mayor 2012"]
[Site "Asuncion"]
[Date "2012.04.23"]
[Round "7.11"]
[White "Florentin, Damaso"]
[Black "Heinechen, Juan"]
[Result "1-0"]
[WhiteElo "1852"]
[BlackElo "1447"]
[PlyCount "127"]
[EventDate "2012.04.13"]

1. e4 c5 2. Nf3 g6 3. c3 Nf6 4. d3 Nc6 5. Be2 Bg7 6. Nbd2 d6 7. Qc2 O-O 8. O-O
e5 9. Nc4 b5 10. Ne3 a6 11. h3 Nh5 12. Nd5 Ne7 13. c4 Nxd5 14. cxd5 f5 15. Nh2
Nf6 16. f4 fxe4 17. dxe4 Nd7 18. f5 gxf5 19. exf5 Nb6 20. Qe4 Bb7 21. Rd1 Qf6
22. g4 Bh6 23. Nf1 Bxc1 24. Raxc1 Qh4 25. Kg2 Rf7 26. Ne3 Raf8 27. Bf3 Rg7 28.
Kh2 h5 29. Rg1 hxg4 30. Rxg4 Rxg4 31. Qxg4+ Qxg4 32. hxg4 Rf7 33. Kg3 Rh7 34.
g5 c4 35. Rd1 Na4 36. Rd2 Nc5 37. Ng4 Rh8 38. Nf6+ Kf7 39. Ne4 Nxe4+ 40. Bxe4
Rg8 41. g6+ Kf6 42. Rh2 b4 43. Rh7 Rg7 44. Rh8 c3 45. bxc3 bxc3 46. Kg4 Rc7 47.
Rf8+ Kg7 48. Rb8 Bxd5 49. Kg5 Bg8 50. f6+ Kh8 51. g7+ Rxg7+ 52. fxg7+ Kxg7 53.
Rb7+ Kh8 54. Rd7 d5 55. Bxd5 c2 56. Rc7 Bxd5 57. Rxc2 Kg7 58. Rc7+ Kf8 59. a3
Ke8 60. Ra7 Bc4 61. Kf5 Kf8 62. Kxe5 Ke8 63. Kd6 Be2 64. Re7+ 1-0

[Event "Clasificatorio al Mayor 2012"]
[Site "Asuncion"]
[Date "2012.04.23"]
[Round "7.12"]
[White "Ogdon, Ricardo"]
[Black "Herrero, Juan Luis"]
[Result "0-1"]
[WhiteElo "1753"]
[BlackElo "1441"]
[PlyCount "138"]
[EventDate "2012.04.13"]

1. e4 c6 2. d4 d5 3. Nc3 dxe4 4. Nxe4 Nf6 5. Nxf6+ gxf6 6. Be3 Bf5 7. Bd3 Bg6
8. Nf3 e6 9. Qd2 Bd6 10. h4 h5 11. Bxg6 fxg6 12. Qd3 Rg8 13. O-O-O Na6 14. Qb3
Qd7 15. Rhe1 O-O-O 16. d5 exd5 17. Bxa7 Rge8 18. Bb6 Bc7 19. Bxc7 Qxc7 20. g3
Qd7 21. Qc3 Qf5 22. Rxe8 Rxe8 23. Qd3 Qxd3 24. Rxd3 Nc5 25. Re3 Rxe3 26. fxe3
Ne4 27. c4 dxc4 28. Nd2 Nxg3 29. Nxc4 Nf5 30. e4 Nxh4 31. Nd6+ Kb8 32. Kd1 f5
33. exf5 Nxf5 34. Ne4 b6 35. Ke2 Kc7 36. Kf3 Kd7 37. Kf4 Ke6 38. Kg5 Kf7 39.
Nf2 h4 40. Kg4 Kf6 41. Ne4+ Ke5 42. Ng5 Kd4 43. Nf3+ Ke4 44. Ng5+ Kd3 45. Nf3
c5 46. Ne5+ Kc2 47. Nd7 Kxb2 48. a4 Ka3 49. Nxb6 Kb4 50. Nd7 c4 51. Ne5 c3 52.
Nxg6 c2 53. Ne5 Kxa4 54. Nd3 Kb3 55. Kh3 Kc3 56. Nc1 Kd2 57. Nb3+ Kd1 58. Kh2
c1=Q 59. Nxc1 Kxc1 60. Kh3 Kd2 61. Kh2 Ke2 62. Kg2 Ke3 63. Kh3 Kf3 64. Kh2 Kg4
65. Kg2 Ne3+ 66. Kh2 Nd1 67. Kg2 h3+ 68. Kh2 Nf2 69. Kg1 Kg3 0-1